000 00297nam a22001097a 4500
008 230621b xxu||||| |||| 00| 0 eng d
082 _a328.59
_bMAL
100 _cParlimen Malaysia
245 _aPeraturan-peraturan Majlis Mesyuarat
_bStanding Orders of the Senate
300 _a250p
942 _2ddc
_cBK
999 _c2247
_d2247